000 00331 a2200157 4500
001 178578
020 _a
040 _cMagnum
100 _aPiciornik,celso Mauro
240 1 0 _aA piramide
_lpor
245 1 0 _aA piramide
362 0 _a1899
440 1 _aMelhoramentos
697 _aMAGNITO: HISTORIA ANTIGA MEDIE
942 _cBK
999 _c178578
_d178578